000
00220nam a2200109Ia 4500
100
_a
#N/A
942
_c
BK
654
_a
dsp
245
_a
Digital Signal Processing Demistified
260
_b
#N/A
_c
1997
546
_a
ENGLISH
999
_c
24601
_d
24601